00510nam a2200169 a 450000100060000000300090000600800410001504000280005608200170008410000210010124500610012225000060018326000440018930000130023349000580024665000360030411282CO-ViMGA141112s2004 ck r 000 u spa d aCO-ViMGAbspacCO-ViMGA04aV861.08 S65a1 aPicón, Mariano10aOtto D'sola, antalogia de la moderna poesía venezolana a1 aCaracas, cmonte avila editores, c1984 aT.1, T.2 abiblioteca Venezolana de cultura coleccion antologias14aPOESIA VENEZOLANA - COLECCIONES